• 首页
  • 本馆介绍
  • 公告通知
  • 最新文献
  • 馆藏检索
  • 电子资源
  • 读者导购
  • 参考咨询
  • 我的图书馆
  • 登录
  • 详细信息显示
  • 放入我的书架
  • 预约/预借图书
  • 作者相关作品
  • 分类相关作品
  • 丛书相关作品
  • 出版社相关作品

书目信息

  • 表格格式
  • 工作单格式
  • 卡片格式
书名: Voices of
作者: Jean Folkerts, Dwight L. Teeter, Jr
分册号:
分册名:
出版地: New York :
 
出版社: Macmillan College
出版时间: c1994.
页数: xviii, 570 p. :
开本: 24 cm.
丛书名:
中图分类号:
科图分类号:
其他分类号: G219.712.9
主题词:
电子资源:
000 01133nam 2200313 a 4500
001 E0735481106
003 DLC
005 20070517095326.56
008 001 0 eng
008 uu
010    @a93016245
020    @a0023386517.
040    @aDLC @cDLC @dDLC
043    @an-us---
049    @aN5LA
050 00 @aP92.U5 @bF58 1994
082 00 @a302.23/0973/YV @220
090    @a2-95/G219.7129/F66/ 1994/////1135811
090    @aG219.712.9
096    @aG219.7129 @v3
099    @dG219.712.9@ex51=2
100 1  @aFolkerts, Jean.
245 10 @aVoices of / @cJean Folkerts, Dwight L. Teeter, Jr
250    @a2nd ed.
260    @aNew York :@bMacmillan College ;@aToronto :@bMaxwell Macmillan Canada ;@aNew York :@bMaxwell Macmillan International,@cc1994.
300    @axviii, 570 p. :@bill. ;@c24 cm.
504    @aIncludes bibliographical references and index.
650  0 @aMass media @zUnited States @xHistory.
700 10 @aTeeter, Dwight L., @ejt. auth. @b00 @c20020930 @lNLC09 @h2252 @b00 @c20021020 @lNLC09 @h0544 @lNLC09 @h0003 @lNLC09 @h1955 @b01 @c20051004 @lNLC09 @h2104 @b01 @c20051004 @lNLC09 @h2104
    
    Voices of / / Jean Folkerts, Dwight L. Teeter, Jr.-2nd ed.-New York : : Macmillan College ; ; Toronto : : Maxwell Macmillan Canada ; ; New York : : Maxwell Macmillan International, , c1994.
    xviii, 570 p. : : ill. ; ; 24 cm.
    Includes bibliographical references and index.
    
    ISBN 0023386517.
    
●
相关链接 在E读中查询图书 在五车中查询图书 在当当中查询图书 在豆瓣中查询图书


正题名:Voices of     索取号:G219.712.9/x51=2         预约/预借

序号 登录号 条形码 馆藏地/架位号 状态 备注
1 0010276   300102760   第二样本阅览室/ [索取号:G219.712.9/x51=2] 在馆    
2 0010277   300102779   密集书库/ [索取号:G219.712.9/x51=2] 在馆    
3 0010278   300102788   密集书库/ [索取号:G219.712.9/x51=2] 在馆    
4 0010279   300102797   第四借阅区/ [索取号:G219.712.9/x51=2] 在馆    
5 0010280   300102804   第四借阅区/ [索取号:G219.712.9/x51=2] 在馆    
唐山师范学院图书馆 欢迎您!
大连网信软件有限公司© 版权所有